00241nam a2200097Ia 4500008004100000100001400041245003000055260003000085300000900115650001900124190216s9999||||xx |||||||||||||| ||und|| aDharm Pal 0aTraditions Of Indian Army bNational Book Stallc1961 a178p aIndian History